Chudoba - globálny problém ľudstva, 2. časť (analýza chudoby na základe sociálnych ukazovateľov)

Dôležitými indikátormi chudoby sú sociálne podmienky, ktoré sa týkajú hlavne vzdelania a zamestnanosti. Negramotné a málo vzdelané obyvateľstvo sa vyznačuje vysokou nezamestnanosťou. Gramotnosť. Index vzdelanosti. Nezamestnanosť.

Uložené v:
Podrobná bibliografia
Hlavný autor: Michálek, Anton
Médium: Kapitola
Jazyk:Slovak
Predmet:
Tagy: Pridať tag
Žiadne tagy, Buďte prvý, kto otaguje tento záznam!

MARC

LEADER 00000naa a2200000 4500
001 r037664
005 20230810105448.0
041 0 |a slo 
044 |a SK 
245 1 0 |a Chudoba - globálny problém ľudstva, 2. časť  |b (analýza chudoby na základe sociálnych ukazovateľov)  |c Anton Michálek 
520 |a Dôležitými indikátormi chudoby sú sociálne podmienky, ktoré sa týkajú hlavne vzdelania a zamestnanosti. Negramotné a málo vzdelané obyvateľstvo sa vyznačuje vysokou nezamestnanosťou. Gramotnosť. Index vzdelanosti. Nezamestnanosť. 
610 2 0 |a chudoba 
610 2 0 |a chudobní 
610 2 0 |a krajiny rozvojové 
610 2 0 |a úroveň životná 
610 2 0 |a vzdelanosť 
610 2 0 |a gramotnosť 
610 2 0 |a negramotnosť 
610 2 0 |a zamestnanosť 
610 2 0 |a nezamestnanosť 
610 2 0 |a svet 
610 2 0 |a Slovensko 
610 2 0 |a krajiny vyspelé 
610 2 0 |a podmienky sociálne 
100 1 |a Michálek, Anton